| 000 | 00349 a2200109 4500 | ||
|---|---|---|---|
| 001 | ART_3467 | ||
| 005 | 20260410161715.0 | ||
| 008 | 260409a | ||
| 245 | 1 | 0 | _aLa organización del movimiento sindical peronista, 1946-1955 |
| 100 | 1 | _aDoyon, Louise | |
| 773 | 0 |
_tDesarrollo económico _g- Vol. 24, Nº 94 (jul./sep. 1984) _wREV1174 |
|
| 999 |
_c16415 _d16415 |
||